Online Catalogue and eLibrary

Social stratification in India / (Record no. 230)

MARC details
000 -LEADER
fixed length control field 00470cam a2200181 a 4500
001 - CONTROL NUMBER
control field 1947166
005 - DATE AND TIME OF LATEST TRANSACTION
control field 20240130031206.0
008 - FIXED-LENGTH DATA ELEMENTS--GENERAL INFORMATION
fixed length control field 870213s1986 ii b 101 0 eng
020 ## - INTERNATIONAL STANDARD BOOK NUMBER
ISBN 8185054150
040 ## - CATALOGING SOURCE (பட்டியலாக்க மூலம்)
Original cataloging agency DLC
Transcribing agency DLC
Modifying agency DLC
082 00 - DDC Classification
Class No. 305.5
DDC Edition Number 19
245 00 - TITLE STATEMENT
Title Social stratification in India /
Statement of responsibility, etc. edited by K.L. Sharma.
260 ## - PUBLICATION, DISTRIBUTION, ETC.
Place of publication, distribution, etc. New Delhi :
Name of publisher, distributor, etc. Manohar,
Date of publication, distribution, etc. 1986.
300 ## - PHYSICAL DESCRIPTION
Extent (e.g. Volumes, Pages etc.) xxvi, 343 p. ;
650 #0 - SUBJECT ADDED ENTRY--TOPICAL TERM
Topical term or geographic name entry element Social classes
700 1# - ADDED ENTRY--PERSONAL NAME
Personal name Sharma, K. L.
Relator term (Role) Editor
942 ## - Koha item type (Biblio)
Koha item type Books in Stacks (Lending)
Holdings
Lost status Damaged status Collection code Home library Current library Date acquired Full call number Accession Number Item type
    Lending WERC Library WERC Library 01/30/2024 305.5 990 Books in Stacks (Lending)

© WERC Library